[Event "Trujillo Real CC 8th"]
[Site "Trujillo"]
[Date "2025.06.21"]
[Round "2"]
[White "Rodriguez Rubio, Alex Steven"]
[Black "Vergara Jofre, Felipe Andres"]
[Result "0-1"]
[WhiteElo "1970"]
[BlackElo "2175"]
[PlyCount "84"]
[EventDate "2025.06.20"]
[EventType "tourn"]
[EventRounds "9"]
[EventCountry "PER"]
[EventCategory "2"]
[SourceTitle "CB27_2025"]
[SourceDate "2025.07.02"]
[SourceVersion "1"]
[SourceVersionDate "2025.07.02"]
[SourceQuality "1"]

1. e4 c6 2. d4 d5 3. f3 Qb6 4. Nc3 dxe4 5. fxe4 e5 6. Nf3 exd4 7. Nxd4 Nf6 8. e5 Ng4 9. e6 Bxe6 10. h3 Nf6 11. Nxe6 fxe6 12. Bc4 Nbd7 13. Qe2 0-0-0 14. Bd2 Qxb2 15. 0-0 Bd6 16. Rab1 Qa3 17. Ne4 Nxe4 18. Qxe4 Qc5+ 19. Be3 Qxe3+ 20. Qxe3 Bc5 21. Rbe1 Rhf8 22. Rxf8 Bxe3+ 23. Rxe3 Nxf8 24. Rf3 Re8 25. Rf7 g6 26. Kf2 e5 27. Ke3 a5 28. g4 Kb8 29. g5 Ka7 30. h4 Kb6 31. Bd3 a4 32. c4 a3 33. Rg7 e4 34. Bf1 Rd8 35. Be2 Rd7 36. Rg8 Ne6 37. Bg4 Rd3+ 38. Kxe4 Nc5+ 39. Ke5 Rd2 40. h5 Rxa2 41. hxg6 hxg6 42. Rd8 Rg2 0-1

[Event "Trujillo Real CC 8th"]
[Site "Trujillo"]
[Date "2025.06.21"]
[Round "3"]
[White "Vera Siguenas, Deivy Anthoni"]
[Black "Rodriguez Rubio, Alex Steven"]
[Result "1-0"]
[WhiteElo "2431"]
[BlackElo "1970"]
[PlyCount "81"]
[EventDate "2025.06.20"]
[EventType "tourn"]
[EventRounds "9"]
[EventCountry "PER"]
[EventCategory "2"]
[SourceTitle "CB27_2025"]
[SourceDate "2025.07.02"]
[SourceVersion "1"]
[SourceVersionDate "2025.07.02"]
[SourceQuality "1"]

1. d4 Nf6 2. c4 g6 3. Nc3 Bg7 4. e4 d6 5. h3 0-0 6. Be3 Na6 7. Nf3 e5 8. d5 c6 9. g4 cxd5 10. cxd5 Nc5 11. Nd2 a5 12. Be2 Ne8 13. Qc2 Bd7 14. Nb3 b6 15. 0-0-0 Bf6 16. Nxc5 bxc5 17. h4 Rb8 18. g5 Be7 19. Rdg1 h5 20. gxh6 Kh7 21. h5 g5 22. Rg2 f6 23. Rhg1 Rg8 24. f4 Kxh6 25. fxg5+ fxg5 26. Nd1 Rb4 27. Nf2 Rd4 28. Bg4 Bb5 29. Kb1 Nf6 30. Bf5 Nh7 31. Ka1 Bd7 32. Ng4+ Kg7 33. Bxd4 cxd4 34. Bxd7 Qxd7 35. Qc6 Qxc6 36. dxc6 Rc8 37. Rf2 Rxc6 38. Rgf1 Bf8 39. Nf6 Nxf6 40. Rxf6 d3 41. Rxf8 1-0

[Event "PER-ch"]
[Site "Lima"]
[Date "2023.09.03"]
[Round "8"]
[White "Rodriguez Rubio, Alex Steven"]
[Black "Bravo Mallco, Kate Azumi"]
[Result "0-1"]
[WhiteElo "1794"]
[BlackElo "1946"]
[PlyCount "53"]
[EventDate "2023.08.29"]
[EventType "swiss"]
[EventRounds "9"]
[EventCountry "PER"]
[SourceTitle "CBM 216 Extra"]
[Source "ChessBase"]
[SourceDate "2023.11.30"]
[SourceVersion "1"]
[SourceVersionDate "2023.11.30"]
[SourceQuality "1"]

1. e4 c5 2. Nf3 d6 3. d4 cxd4 4. Nxd4 Nf6 5. Nc3 g6 6. Be3 Bg7 7. f3 0-0 8. Qd2 Nc6 9. Bc4 Bd7 10. 0-0-0 Rc8 11. Bb3 Ne5 12. Kb1 b5 13. Ndxb5 Nc4 14. Bxc4 Rxc4 15. b3 Rb4 16. a4 a6 17. Na2 Rxa4 18. bxa4 Bxb5 19. a5 e6 20. Qb4 Qc8 21. Nc3 Qc6 22. Ne2 Rc8 23. Nd4 Qc7 24. Rd2 Bc4 25. Kb2 Nd7 26. Rb1 Ra8 27. Kc1 0-1